Animaux domestiques par image - Statistiques

Statistiques générales
  • Ce quiz a été pris 899 fois
    73 depuis la dernière actualisation
  • Le résultat moyen est 16 sur 16
Statistiques - réponses
Par images Réponse % Correct
Âne
100%
Chat
100%
Cheval
100%
Chèvre
100%
Chien
100%
Cochon
100%
Mouton
100%
Poule
100%
Vache
100%
Abeille
98%
Dromadaire
98%
Hamster
98%
Lapin
98%
Cochon d'inde
97%
Éléphant d'Inde
97%
Dindon
95%
Aucun quiz correspondant
Distribution des résultats
% des personnes avec chaque résultat
Percentile par nombre de réponses
Votre historique - résultats
Vous n’avez pas pris ce quiz depuis la dernière actualisation